Statistics for Belize Quiz

Click here to take the quiz!

General Stats

  • This quiz has been taken 356 times
  • The average score is 8 of 17

Answer Stats

HintAnswer% Correct
Bordering nationsMexico
95%
Guatemala
94%
Official languageEnglish
92%
Belize gained independence from this nation on 21 September 1981United Kingdom
85%
CurrencyBelize dollar
79%
CapitalBelmopan
76%
This type of natural disaster killed 2500 people in 1931 and remains the deadliest natural disaster in Belizean historyHurricane
71%
Largest cityBelize City
68%
The most practiced religion in Belize, at 40.1%Catholicism
66%
The Cockscomb Basin Wildlife Sancturay was founded in 1990 and was the first wilderness sanctuary for this predatory mammalJaguar
36%
The Belize Barrier Reef, a popular tourist destination, was described by this British naturalist as "the most remarkable reef in the West Indies"Charles Darwin
28%
This National Tree towers over the Belizean rain forest and was a major export in the early 20th centuryMahogany
11%
Belize became the first country in the world to ban this type of fishing in December 2010Trawling
10%
The National Animal is Baird's tapir, the largest land mammal of the American tropics, which is also known as the mountain ____, though it is more closely related to the horse and rhinocerosCow
8%
However, this activity is legal, although most actions which facilitate it are notProstitution
8%
Name of the traditional breakfast food of deep-fried dough piecesFry jack
6%
Foreign ________ are not permitted to enter the countryHomosexuals
2%

Score Distribution

Percentile by Number Answered

Percent of People with Each Score

Your Score History

You have not taken this quiz